MARC
| LEADER | 00000cam a2200000 7i4500 | ||
|---|---|---|---|
| 001 | 0000046998 | ||
| 005 | 20150414.0 | ||
| 008 | 140413 | ||
| 090 | 0 | 0 | |a SAM |b TAM |
| 245 | 1 | 0 | |a Perempuan India dalam anti penjajahan India (Tamil) |
| 260 | |a Chennai : |b Kavitha , |c 2003 | ||
| 650 | 0 | |a India. | |
| 999 | |a 0001344766 |b Book |c Adult Collection |e Cawangan Segamat | ||
| 999 | |a 0001347663 |b Book |c Adult Collection |e Cawangan Segamat | ||
| 999 | |a 0001347664 |b Book |c Tamil Collection |e Cawangan Segamat | ||